MARC details
| 000 -LEADER |
| fixed length control field |
04242cam a22003495i 4500 |
| 001 - CONTROL NUMBER |
| control field |
21137949 |
| 003 - CONTROL NUMBER IDENTIFIER |
| control field |
URBE |
| 005 - DATE AND TIME OF LATEST TRANSACTION |
| control field |
20210122162153.0 |
| 008 - FIXED-LENGTH DATA ELEMENTS--GENERAL INFORMATION |
| fixed length control field |
190816s2019 dcu 000 0 eng |
| 010 ## - LIBRARY OF CONGRESS CONTROL NUMBER |
| LC control number |
2019948381 |
| 020 ## - INTERNATIONAL STANDARD BOOK NUMBER |
| International Standard Book Number |
9781433832154 |
| Qualifying information |
(hardcover) |
| 020 ## - INTERNATIONAL STANDARD BOOK NUMBER |
| International Standard Book Number |
9781433832161 |
| Qualifying information |
(paperback) |
| 020 ## - INTERNATIONAL STANDARD BOOK NUMBER |
| International Standard Book Number |
9781433832178 |
| Qualifying information |
(spiral bound) |
| 020 ## - INTERNATIONAL STANDARD BOOK NUMBER |
| Cancelled/invalid ISBN |
9781433832185 |
| Qualifying information |
(ebook) |
| 040 ## - CATALOGING SOURCE |
| Original cataloging agency |
DLC |
| Language of cataloging |
eng |
| Description conventions |
rda |
| Transcribing agency |
DLC |
| 042 ## - AUTHENTICATION CODE |
| Authentication code |
pcc |
| 050 ## - LIBRARY OF CONGRESS CALL NUMBER |
| Classification number |
BF 76.7 |
| Item number |
.P83 2020 |
| 110 2# - MAIN ENTRY--CORPORATE NAME |
| Corporate name or jurisdiction name as entry element |
American Psychological Association (Washington, District of Columbia), |
| Relator term |
author. |
| 245 10 - TITLE STATEMENT |
| Title |
Publication manual of the American psychological association / |
| Statement of responsibility, etc |
American Psychological Association. |
| 250 ## - EDITION STATEMENT |
| Edition statement |
Seventh edition. |
| 260 ## - PUBLICATION, DISTRIBUTION, ETC. (IMPRINT) |
| Place of publication, distribution, etc |
Washington, DC , |
| Name of publisher, distributor, etc |
APA : |
| Date of publication, distribution, etc |
2020 |
| 263 ## - PROJECTED PUBLICATION DATE |
| Projected publication date |
1910 |
| 300 ## - PHYSICAL DESCRIPTION |
| Extent |
xxii, 427 pages, : |
| Other physical details |
ill. ; |
| Dimensions |
26 cm. |
| 505 ## - FORMATTED CONTENTS NOTE |
| Formatted contents note |
1 Scholarly Writing and Publishing Principles.-- 2 Paper Elements and Format.-- 3 Journal Article Reporting Standards .-- Writing Style and Grammar.-- 5 Bias-Free Language Guidelines.-- 6 Mechanical of Style.-- 7 Tables and Figures.-- 8 Works Credited in the Text.-- 9 Reference List.-- 10 Reference Examples.-- 11 Legal References.-- 12 Publications Process |
| 520 ## - SUMMARY, ETC. |
| Summary, etc |
"The Publication Manual of the American Psychological Association, Seventh Edition is the official source for APA Style. With millions of copies sold worldwide in multiple languages, it is the style manual of choice for writers, researchers, editors, students, and educators in the social and behavioral sciences, natural sciences, nursing, communications, education, business, engineering, and other fields. Known for its authoritative, easy-to-use reference and citation system, the Publication Manual also offers guidance on choosing the headings, tables, figures, language, and tone that will result in powerful, concise, and elegant scholarly communication. It guides users through the scholarly writing process-from the ethics of authorship to reporting research through publication. The seventh edition is an indispensable resource for students and professionals to achieve excellence in writing and make an impact with their work. The seventh edition has been thoroughly revised and updated to reflect best practices in scholarly writing and publishing. All formats are in full color, with a new tabbed spiral version Improved ease of navigation, with many additional numbered sections to help users quickly locate answers to their questions Resources for students on writing and formatting annotated bibliographies, response papers, and other paper types as well as guidelines on citing course materials Dedicated chapter for new users of APA Style covering paper elements and format, including sample papers for both professional authors and student writers New chapter on journal article reporting standards that includes updates to reporting standards for quantitative research and the first-ever qualitative and mixed methods reporting standards in APA Style New chapter on bias-free language guidelines for writing about people with respect and inclusivity in areas including age, disability, gender, participation in research, race and ethnicity, sexual orientation, socioeconomic status, and intersectionality More than 100 new reference examples covering periodicals, books, audiovisual media, social media, webpages and websites, and legal resources More than 40 new sample tables and figures Expanded guidance on ethical writing and publishing practices, including how to ensure the appropriate level of citation, avoid plagiarism and self-plagiarism, and navigate the publication process Guidelines that support accessibility for all users, including simplified reference, in-text citation, and heading formats as well as additional font options"-- |
| 650 04 - SUBJECT ADDED ENTRY--TOPICAL TERM |
| Topical term or geographic name as entry element |
Psychology -Auhorship - Style Manuals |
| 651 ## - SUBJECT ADDED ENTRY--GEOGRAPHIC NAME |
| Geographic name |
Social Sciences - Authorship - Style Manuals |
| 651 ## - SUBJECT ADDED ENTRY--GEOGRAPHIC NAME |
| Geographic name |
APA |
| 906 ## - LOCAL DATA ELEMENT F, LDF (RLIN) |
| a |
0 |
| b |
ibc |
| c |
orignew |
| d |
2 |
| e |
epcn |
| f |
20 |
| g |
y-gencatlg |
| 942 ## - ADDED ENTRY ELEMENTS (KOHA) |
| Source of classification or shelving scheme |
Library of Congress Classification |
| Koha item type |
Books |